Les beaux-arts en Belgique / (Record no. 165279)
[ view plain ]
| 000 -LEADER | |
|---|---|
| campo de control de longitud fija | 00732nam a22001695i 4500 |
| 001 - NÚMERO DE CONTROL | |
| campo de control | 165279 |
| 003 - IDENTIFICADOR DE NÚMERO DE CONTROL | |
| campo de control | ES-MaACL |
| 005 - FECHA Y HORA DE LA ÚLTIMA TRANSACCIÓN | |
| campo de control | 20230906213113.0 |
| 008 - DATOS DE LONGITUD FIJA--INFORMACIÓN GENERAL | |
| campo de control de longitud fija | 990617s1882 xxu |||| | fre d |
| 040 ## - FUENTE DE CATALOGACIÓN | |
| Centro catalogador/agencia de origen | CCPB | B |
| Lengua de catalogación | spa |
| Centro/agencia transcriptor | CCPB | B |
| 100 1# - ENTRADA PRINCIPAL--NOMBRE DE PERSONA | |
| Nombre de persona | Sève de Bar, Edouard. |
| 9 (RLIN) | 133086 |
| 245 14 - MENCIÓN DEL TÍTULO | |
| Título | Les beaux-arts en Belgique / |
| Mención de responsabilidad, etc. | par Edouard Sève de Bar ; Exposition Belge de Beaux-Arts a Philadelphie ; Académie des Beaux-Arts de Pennsylvanie. |
| 260 ## - PUBLICACIÓN, DISTRIBUCIÓN, ETC. | |
| Lugar de publicación, distribución, etc. | New-York : |
| Nombre del editor, distribuidor, etc. | [s.n.], |
| Fecha de publicación, distribución, etc. | 1882 ( |
| Fabricante | Imprimerie de Messager Franco-Americain) |
| 300 ## - DESCRIPCIÓN FÍSICA | |
| Extensión | 25 p. ; |
| Dimensiones | 28 cm. |
| 711 21 - ENTRADA AGREGADA--NOMBRE DE REUNIÓN | |
| Nombre de congreso/reunión o jurisdicción como elemento de entrada | Exposition Belge des Beaux-Arts ( |
| Sede del congreso/Lugar de la reunión | Filadelfia) |
| 9 (RLIN) | 135150 |
| 852 ## - LOCALIZACIÓN | |
| Ubicación | ES-MaACL |
| Número de control de estantería | T-387-F-6 |
| Nota libre | -- Enc. hol., falto de la cub. original |
| -- | -- Enc. en un vol. facticio |
| Estatus retirado | Estado de pérdida | Estado de daño | No para préstamo | Colección | Biblioteca de origen | Biblioteca actual | Ubicación en estantería | Fecha de adquisición | Total de préstamos | Signatura topográfica completa | Código de barras | Visto por última vez | Precio de reemplazo | Tipo de ítem Koha |
|---|---|---|---|---|---|---|---|---|---|---|---|---|---|---|
| Colección de folletos | Biblioteca del Ateneo de Madrid | Biblioteca del Ateneo de Madrid | Depósito folletos | 17/01/2008 | T-387-F-6 | 1173313 | 23/02/2023 | 23/02/2023 | Folleto |
